书目信息 |
| 题名: |
水资源管理学导论
|
|
| 作者: | 姜文来 , 唐曲 , 雷波 著 | |
| 分册: | ||
| 出版信息: | 北京 化学工业出版社 2005 |
|
| 页数: | 360页 | |
| 开本: | 26cm | |
| 丛书名: | ||
| 单 册: | ||
| 中图分类: | TV213.4 | |
| 科图分类: | ||
| 主题词: | 水资源管理--概论 , 水资源管理 | |
| 电子资源: | ||
| ISBN: | 7-5025-6072-6 | |
| 000 | 00980nam0 2200277 450 | |
| 001 | 012007024273 | |
| 005 | 20070517143540.90 | |
| 010 | @a7-5025-6072-6@dCNY48.00 | |
| 100 | @a20070509d2005 km y0chiy0120 ea | |
| 101 | 0 | @achi |
| 102 | @aCN@b110000 | |
| 105 | @ay z 000yy | |
| 106 | @ar | |
| 200 | 1 | @a水资源管理学导论@Ashui zi yuan guan li xue dao lun@f姜文来,唐曲,雷波等著@Fjiang wen lai,tang qu,lei bo deng zhu |
| 210 | @a北京@c化学工业出版社@d2005 | |
| 215 | @a360页@d26cm | |
| 300 | @a国家科学技术部公益性研究项目资助,中国农业科学院杰出人才项目资助。 | |
| 330 | @a本书是一部有关水资源管理的书籍。书中阐述了水资源管理学的理论基础,研究并探讨了水资源的数量管理、质量管理、经济管理、权属管理、风险管理等。 | |
| 606 | 0 | @a水资源管理@x概论 |
| 606 | 0 | @a水资源管理 |
| 690 | @aTV213.4@v4 | |
| 701 | 0 | @a姜文来@Ajiang wen lai@f(1964.7~)@4著 |
| 701 | 0 | @a唐曲@Atang qu@4著 |
| 701 | 0 | @a雷波@Alei bo@4著 |
| 801 | 0 | @aCN@bRULIN@c20070517 |
| 905 | @dTV213.4@e30@s8 | |
| 水资源管理学导论/姜文来,唐曲,雷波等著.-北京:化学工业出版社,2005 |
| 360页;26cm |
| 国家科学技术部公益性研究项目资助,中国农业科学院杰出人才项目资助。 |
| ISBN 7-5025-6072-6:CNY48.00 |
| 本书是一部有关水资源管理的书籍。书中阐述了水资源管理学的理论基础,研究并探讨了水资源的数量管理、质量管理、经济管理、权属管理、风险管理等。 |
| ● |
| 相关链接 |
|
|
|
|
正题名:水资源管理学导论
索取号:TV213.4/30
 
预约/预借
| 序号 | 登录号 | 条形码 | 馆藏地/架位号 | 状态 | 备注 |
| 1 | 0574531 | 205745318 | 第二样本阅览室/ [索取号:TV213.4/30] | 在馆 | |
| 2 | 0574532 | 205745327 | 第三借阅区/ [索取号:TV213.4/30] | 在馆 | |
| 3 | 0574533 | 205745336 | 第三借阅区/ [索取号:TV213.4/30] | 在馆 | |
| 4 | 0574534 | 205745345 | 第三借阅区/ [索取号:TV213.4/30] | 在馆 | |
| 5 | 0574535 | 205745354 | 第三借阅区/ [索取号:TV213.4/30] | 在馆 | |
| 6 | 0574536 | 205745363 | 第三借阅区/ [索取号:TV213.4/30] | 在馆 | |
| 7 | 0574537 | 205745372 | 第三借阅区/ [索取号:TV213.4/30] | 在馆 | |
| 8 | 0574538 | 205745381 | 第三借阅区/ [索取号:TV213.4/30] | 在馆 |